000 00511nam a2200169Ia 4500
005 20240626135456.0
008 240126s9999 xx 000 0 und d
020 _a9789383506132
082 _a378.12 MOH;1 R
100 _aMohandas, K P.
245 0 _aGuide to academic research : basics on how to start and continue an academic research
260 _bSanguine Technical Publishers
_aBangalore
_c2014
300 _ax, 110
440 _aNULL
650 _aacademic,basics,continue,academic
942 _cPU
999 _c272885
_d272885